LEADER 01138nam a22002291i 4500 001 991002922039707536 005 20030818123340.0 008 030925s1960 it |||||||||||||||||ita 035 $ab12355549-39ule_inst 035 $aARCHE-040308$9ExL 040 $aBiblioteca Interfacoltà$bita$cA.t.i. Arché s.c.r.l. Pandora Sicilia s.r.l. 110 2 $aUniversità degli Studi $0289298 245 10$aRelazione letta dal magnifico Rettore Prof. Pasquale Del Prete il giorno 5-12-1960 in occasione della solenne inaugurazione dell'anno accademico 1960-61 260 $aBari :$bUniversità degli Studi,$c1960 300 $a1 v. ;$c22 cm 700 1 $aDel Prete, Pasquale 907 $a.b12355549$b02-04-14$c08-10-03 912 $a991002922039707536 945 $aLE002 Busta A 83/21 (Fondo Codacci-Pisanelli)$g1$i2002000108630$lle002$o-$pE0.00$q-$rn$so $t0$u0$v0$w0$x0$y.i1275982x$z08-10-03 996 $aRelazione letta dal magnifico Rettore Prof. Pasquale Del Prete il giorno 5-12-1960 in occasione della solenne inaugurazione dell'anno accademico 1960-61$9158231 997 $aUNISALENTO 998 $ale002$b08-10-03$cm$da $e-$fita$git $h0$i1